El ecologismo de los pobres. Conflcitos ambientales y lenguajes de valoración
Enregistré dans:
| Auteur principal: | |
|---|---|
| Format: | Livre |
| Langue: | espagnol |
| Publié: |
Barcelona, España
Icaria
2011
|
| Édition: | 5a. ed |
| Collection: | Ecología
|
| Sujets: | |
| Tags: |
Ajouter un tag
Pas de tags, Soyez le premier à ajouter un tag!
|
MARC
| LEADER | 00000cam a2200000 a 4500 | ||
|---|---|---|---|
| 001 | UCC8425 | ||
| 003 | CL-VaPUC | ||
| 005 | 20250328123129.0 | ||
| 008 | 190628e20110000sp |||||||||||||||||spa|d | ||
| 999 | |c 374757 |d 374755 | ||
| 020 | |a 9788498883930 | ||
| 040 | |c Pontificia Universidad Católica de Valparaíso | ||
| 082 | 0 | 4 | |a 333.7 MAR 2011 |2 21 |
| 100 | |a Martínez Alier, Joan |e autor |9 603113 | ||
| 245 | 1 | 3 | |a El ecologismo de los pobres. |b Conflcitos ambientales y lenguajes de valoración |
| 250 | |a 5a. ed | ||
| 260 | |a Barcelona, España |b Icaria |c 2011 | ||
| 300 | |a 416 páginas | ||
| 490 | 0 | |a Ecología | |
| 583 | |a last modification |c 20190628 11:06:00 |k Rodrigo Vera | ||
| 650 | 0 | |a Conflictos ambientales |9 498249 | |
| 650 | 7 | |a DESARROLLO POLITICO Y SOCIAL |x ASPECTOS AMBIENTALES |9 857053 | |
| 852 | |a BIBING | ||
| 942 | |c BK |2 ddc | ||
| 945 | |d 20190628 11:06:00 |a dcastane | ||
| 952 | |0 0 |1 0 |3 erb |4 0 |6 333_700000000000000_MAR_2011 |7 0 |8 A |9 493468 |a BIBING |b BIBING |d 2019-06-26 |e 44 |g 24800.00 |i 5554446 |l 2 |o 333.7 MAR 2011 |p 5554446 |r 2025-04-24 |s 2025-04-24 |v 24800.00 |w 2019-11-24 |y BK |z Catalogado en:20190628 |k GEO | ||